| 000 | 00694nam a2200205 i 4500 | ||
|---|---|---|---|
| 001 | 165994 | ||
| 003 | ES-MaACL | ||
| 005 | 20251015063149.0 | ||
| 008 | 011015s1876 fr |||| | fre d | ||
| 040 |
_aCAM _bspa _cCAM |
||
| 100 | 1 |
_aTaine, Hippolyte, _d1828-1893 _9109085 |
|
| 245 | 1 | 0 |
_aVoyage en Italie / _cpar H. Taine. |
| 250 | _a3e éd. | ||
| 260 |
_aParis : _bLibrairie Hachette et C., _c1876 ( _fImprimerie Blot et Fils Aînè) |
||
| 300 |
_a2 v. (413 ; 443 p.) ; _c18 cm. |
||
| 505 | 8 | _aT. I. Naples et Rome -- T. II. Florence et Venise | |
| 651 |
_aItalia- _xDescripción. _98861 |
||
| 852 |
_aES-MaACL _jF-11492-93 _z-- Enc. pasta española |
||
| 999 |
_c165994 _d165994 |
||